| 000 | 04169nam a22004695i 4500 | ||
|---|---|---|---|
| 001 | 978-3-030-04143-4 | ||
| 003 | DE-He213 | ||
| 005 | 20200904105942.0 | ||
| 007 | cr nn 008mamaa | ||
| 008 | 190309s2018 gw | s |||| 0|eng d | ||
| 020 |
_a9783030041434 _9978-3-030-04143-4 |
||
| 024 | 7 |
_a10.1007/978-3-030-04143-4 _2doi |
|
| 050 | 4 | _aB67 | |
| 072 | 7 |
_aPDA _2bicssc |
|
| 072 | 7 |
_aSCI075000 _2bisacsh |
|
| 072 | 7 |
_aPDA _2thema |
|
| 082 | 0 | 4 |
_a501 _223 |
| 100 | 1 |
_aMaxwell, Nicholas. _eauthor. _4aut _4http://id.loc.gov/vocabulary/relators/aut |
|
| 245 | 1 | 4 |
_aThe Metaphysics of Science and Aim-Oriented Empiricism _h[electronic resource] : _bA Revolution for Science and Philosophy / _cby Nicholas Maxwell. |
| 250 | _a1st ed. 2018. | ||
| 264 | 1 |
_aCham : _bSpringer International Publishing : _bImprint: Springer, _c2018. |
|
| 300 |
_aXIV, 228 p. 3 illus. _bonline resource. |
||
| 336 |
_atext _btxt _2rdacontent |
||
| 337 |
_acomputer _bc _2rdamedia |
||
| 338 |
_aonline resource _bcr _2rdacarrier |
||
| 347 |
_atext file _bPDF _2rda |
||
| 490 | 1 |
_aSynthese Library, Studies in Epistemology, Logic, Methodology, and Philosophy of Science, _x0166-6991 ; _v403 |
|
| 505 | 0 | _aPreface -- Part I. Chapter 1. Early Work on The Metaphysics of Science -- Chapter 2. Subsequent Work on Essentialism and the Mind/Body Problem -- Part II. Chapter 3. Aim-Oriented Empiricism: Exposition, and Implications for Science and the Philosophy of Science -- Chapter 4. Aim-Oriented Empiricism and the Metaphysics of Science: 2007 to 2017 -- Part III. Chapter 5. Broader Implications: Academic Inquiry for a Wiser World -- Appendix. Refutation of Kripke on Rigid Designators and Essentialism. | |
| 520 | _aThis book tackles two fundamental problems: How can our human world exist and best flourish embedded as it is in the physical universe? What role do untestable, metaphysical ideas about the nature of the physical universe play in science? In connection with the first, it is argued that physics is concerned only with a highly selective aspect of all that there is - that aspect that determines how events unfold. Physics ignores human experience and consciousness, first because they are not needed to fulfil the predictive and explanatory tasks of physics, and second because they must be ignored if physics is to develop the beautifully explanatory theories that it does develop. In connection with the second fundamental problem, it is argued that physics, as a result of accepting unified theories only, makes a highly problematic metaphysical assumption about the nature of the physical universe: it is such that some unknown, unified "theory of everything" is true. Precisely because this assumption is so profoundly problematic, it needs to be made explicit within physics, so that it can be critically assessed and, we may hope, improved. The author puts forward a revolutionary philosophy of science called aim-oriented empiricism (AOE), designed to facilitate improvement in the metaphysics of physics, as physics proceeds. The author has devoted many years developing AOE and publishing papers on it. Here he spells out the implications of AOE for the metaphysics of science. The main body of the book expounds and critically assesses many key works in the metaphysics of science published from 2007 to 2018. The book concludes by considering the broader implications of aim-oriented empiricism, for science, for academic inquiry and, even, for the future of humanity. | ||
| 650 | 0 | _aPhilosophy and science. | |
| 650 | 1 | 4 |
_aPhilosophy of Science. _0https://scigraph.springernature.com/ontologies/product-market-codes/E34000 |
| 710 | 2 | _aSpringerLink (Online service) | |
| 773 | 0 | _tSpringer Nature eBook | |
| 776 | 0 | 8 |
_iPrinted edition: _z9783030041427 |
| 776 | 0 | 8 |
_iPrinted edition: _z9783030041441 |
| 830 | 0 |
_aSynthese Library, Studies in Epistemology, Logic, Methodology, and Philosophy of Science, _x0166-6991 ; _v403 |
|
| 856 | 4 | 0 | _uhttps://doi.org/10.1007/978-3-030-04143-4 |
| 912 | _aZDB-2-REP | ||
| 912 | _aZDB-2-SXPR | ||
| 999 |
_c462158 _d462158 |
||